00864cam a2200205 a 450000100100000000500170001000800410002704000230006808200220009110000480011324500880016126000590024930000210030844000590032965000600038865000360044891000340048495201250051899900150064300000471120200929151505.0971017s1995 ck b 001 0 spa d aDO-SdBNPcDGUdDLC aH868.99809bF363p1 aFernández Retamar, Roberto,d1930-91372010aPara una teoría de la literatura hispanoamericana /cRoberto Fernández Retamar. aSantafé, Bogotá :bInstituto Caro y Cuervo,c1995. a389 p. ;c24 cm. 0aPublicaciones del Instituto Caro y Cuervo ;v92912549 4aLiteratura hispanoamericanaxHistoria y crítica96273 4aCríticazLatinoamerica913721 aCatalogación por copia / LC 001052708MOaGRbGRcCTd2009-07-24iLF1l0oH868.99809 F363pp4711-10r2020-06-25w2020-06-25y2ZPréstamo interno c4517d4517